[Event "RUS-ch Blitz Men 2018"]
[Site "Sochi"]
[Date "2018.10.07"]
[Round "1"]
[White "Barsamian, Eduard"]
[Black "Triapishko, Alexandr"]
[Result "0-1"]
[WhiteElo "2232"]
[BlackElo "2508"]
[Annotator "ChessBase"]
[PlyCount "96"]
[EventDate "2018.10.07"]
[EventType "swiss"]
[EventCountry "RUS"]
[SourceTitle "playchess.com"]
[Source "ChessBase"]
[SourceQuality "1"]

1. d4 Nf6 2. c4 g6 3. Nc3 d5 4. cxd5 Nxd5 5. e4 Nxc3 6. bxc3 Bg7 7. Nf3 c5 8. Rb1 cxd4 9. cxd4 O-O 10. Be2 Qa5+ 11. Qd2 Qxd2+ 12. Bxd2 e6 13. Be3 b6 14. Ne5 Bb7 15. f3 Rd8 16. Kf2 Nc6 17. Nxc6 Bxc6 18. Rhc1 Be8 19. Rb4 f5 20. Ba6 f4 21. Bxf4 Bxd4+ 22. Kg3 e5 23. Bh6 Bc5 24. Rbb1 Bf7 25. Bc4 Rac8 26. Bxf7+ Kxf7 27. Bg5 Rd3 28. h4 h5 29. Rd1 Rxd1 30. Rxd1 Bd4 31. Rd3 Rc2 32. Ra3 a5 33. Bd8 Ke6 34. Rb3 Rc6 35. Kh3 Kd7 36. Bg5 Rc2 37. a3 Kc6 38. g4 a4 39. Rb4 b5 40. gxh5 gxh5 41. f4 Rc3+ 42. Kg2 Rxa3 43. f5 Bc5 44. Rb1 Ra2+ 45. Kf3 a3 46. Be3 Bxe3 47. Kxe3 Rh2 48. Rb3 Rh3+ 0-1

[Event "RUS-ch Blitz Men 2018"]
[Site "Sochi"]
[Date "2018.10.07"]
[Round "1"]
[White "Shorin, Sergei"]
[Black "Bocharov, Dmitry"]
[Result "1-0"]
[WhiteElo "2215"]
[BlackElo "2557"]
[Annotator "TA"]
[PlyCount "58"]
[EventDate "2018.10.07"]
[EventType "swiss"]
[EventCountry "RUS"]
[SourceTitle "playchess.com"]
[Source "ChessBase"]
[SourceQuality "1"]

1. d4 Nf6 2. e3 g6 3. f4 Bg7 4. Nf3 O-O 5. c3 d6 6. Bc4 c5 7. O-O Nc6 8. Nbd2 Qc7 9. Qe2 e5 10. fxe5 dxe5 11. d5 e4 12. dxc6 exf3 13. Qxf3 Ng4 14. g3 Ne5 15. Qg2 Nxc4 16. Nxc4 Be6 17. cxb7 Rad8 18. Nd2 Bd5 19. e4 Bxb7 20. Re1 f5 21. Qe2 fxe4 22. Nxe4 Qc6 23. Bf4 Rfe8 24. Qc4+ Kh8 25. Rad1 Rxd1 26. Rxd1 Rxe4 27. Rd8+ Re8 28. Rxe8+ Qxe8 29. Kf2 Qc6 1-0

[Event "RUS-ch Blitz Men 2018"]
[Site "Sochi"]
[Date "2018.10.07"]
[Round "1"]
[White "Shkurkin, Andrey"]
[Black "Bocharov, Ivan"]
[Result "0-1"]
[WhiteElo "2201"]
[BlackElo "2563"]
[Annotator "TA"]
[PlyCount "40"]
[EventDate "2018.10.07"]
[EventType "swiss"]
[EventCountry "RUS"]
[SourceTitle "playchess.com"]
[Source "ChessBase"]
[SourceQuality "1"]

1. d4 d5 2. c4 c6 3. cxd5 cxd5 4. Bf4 Nf6 5. Nc3 Nc6 6. e3 Bg4 7. Qb3 Na5 8. Bb5+ Bd7 9. Qd1 Rc8 10. Rc1 e6 11. Bd3 Nc4 12. Qe2 Qa5 13. Nf3 Nxb2 14. Qxb2 Ba3 15. Qxb7 Bxc1 16. O-O Qxc3 17. Ba6 O-O 18. Ne5 Rb8 19. Qxa7 Ra8 20. Qb7 Rfb8 0-1

[Event "RUS-ch Blitz Men 2018"]
[Site "Sochi"]
[Date "2018.10.07"]
[Round "1"]
[White "Smelov, Aleksey"]
[Black "Grachev, Boris"]
[Result "0-1"]
[WhiteElo "2184"]
[BlackElo "2626"]
[Annotator "TA"]
[PlyCount "94"]
[EventDate "2018.10.07"]
[EventType "swiss"]
[EventCountry "RUS"]
[SourceTitle "playchess.com"]
[Source "ChessBase"]
[SourceQuality "1"]

1. d4 Nf6 2. Nf3 b6 3. Bf4 Bb7 4. e3 e6 5. h3 c5 6. Be2 Be7 7. O-O cxd4 8. exd4 O-O 9. a4 a6 10. c3 d6 11. Re1 Nbd7 12. Nbd2 Re8 13. Qb3 Rb8 14. Qa3 Nf8 15. Bf1 Ng6 16. Bh2 Rc8 17. Qb3 Bf8 18. Nc4 Bxf3 19. gxf3 Nd5 20. Ne3 Ndf4 21. Bg3 h5 22. d5 Qg5 23. Kh1 e5 24. Qb4 h4 25. Bh2 f5 26. Bxa6 Qh5 27. Bf1 Qxf3+ 28. Bg2 Nxg2 29. Nxg2 Qxd5 30. Rad1 Qc6 31. Kg1 Rcd8 32. Nxh4 Nxh4 33. Qxh4 Be7 34. Qh5 Qc8 35. Rd3 Qe6 36. Rg3 Qf7 37. Qe2 Bf6 38. Ra1 d5 39. a5 bxa5 40. Rxa5 f4 41. Rg4 d4 42. Qe4 d3 43. Ra1 Rd7 44. Rd1 d2 45. h4 Red8 46. h5 Qxh5 47. Rg2 Qxd1+ 0-1

[Event "RUS-ch Blitz Men 2018"]
[Site "Sochi"]
[Date "2018.10.07"]
[Round "1"]
[White "Dudin, Gleb"]
[Black "Khanin, Semen"]
[Result "1/2-1/2"]
[WhiteElo "2178"]
[BlackElo "2510"]
[Annotator "ChessBase"]
[PlyCount "79"]
[EventDate "2018.10.07"]
[EventType "swiss"]
[EventCountry "RUS"]
[SourceTitle "playchess.com"]
[Source "ChessBase"]
[SourceQuality "1"]

1. c4 Nf6 2. Nc3 e5 3. g3 c6 4. d4 exd4 5. Qxd4 Na6 6. Bg2 Bc5 7. Qd1 O-O 8. Nf3 Nc7 9. O-O d5 10. cxd5 Ncxd5 11. Nxd5 Nxd5 12. a3 Be7 13. Qc2 Qb6 14. e4 Nc7 15. Be3 Qa5 16. Nd2 Qh5 17. Nc4 Bh3 18. Rad1 Rad8 19. f3 Bxg2 20. Kxg2 Ne6 21. Bg1 Ng5 22. h4 Rxd1 23. Qxd1 Rd8 24. Qe2 Ne6 25. Rd1 Qb5 26. Rxd8+ Bxd8 27. Qc2 h5 28. Nd6 Qa6 29. Nf5 Bf6 30. Be3 Qb5 31. b4 Qe5 32. Qd2 Qa1 33. Qd7 Qa2+ 34. Kh3 Qe2 35. Qe8+ Nf8 36. Bc5 Qf1+ 37. Kh2 Qe2+ 38. Kh3 Qf1+ 39. Kh2 Qe2+ 40. Kh3 1/2-1/2

[Event "RUS-ch Blitz Men 2018"]
[Site "Sochi"]
[Date "2018.10.07"]
[Round "1"]
[White "Jakovenko, Igor"]
[Black "Riazantsev, Alexander"]
[Result "0-1"]
[WhiteElo "2170"]
[BlackElo "2649"]
[Annotator "RC"]
[PlyCount "112"]
[EventDate "2018.10.07"]
[EventType "swiss"]
[EventCountry "RUS"]
[SourceTitle "playchess.com"]
[Source "ChessBase"]
[SourceQuality "1"]

1. Nf3 d5 2. c4 e6 3. g3 dxc4 4. Bg2 a6 5. a4 Nc6 6. O-O Nf6 7. Na3 Na5 8. Qc2 Qd5 9. Rd1 Bd7 10. d3 Nb3 11. Rb1 Bxa4 12. dxc4 Qa5 13. Re1 Nd4 14. Bd2 Nxc2 15. Bxa5 Nxe1 16. Nxe1 O-O-O 17. Nd3 Nd7 18. Bc3 f6 19. b4 Bc6 20. Bh3 Re8 21. Nc2 Be4 22. f3 Bxd3 23. exd3 f5 24. d4 Be7 25. Bf1 Bf6 26. b5 axb5 27. cxb5 Nb6 28. Rd1 Nd5 29. Bd2 Kd7 30. Kf2 Ra8 31. Bc4 Rhd8 32. Bb3 Ke7 33. Re1 Kf7 34. g4 g6 35. gxf5 gxf5 36. Re2 Rd6 37. Ne1 Bxd4+ 38. Kg2 Rg8+ 39. Kh3 c6 40. bxc6 bxc6 41. Nd3 Kf6 42. Nf4 Rb8 43. Nh5+ Kf7 44. Bc4 Rb2 45. Bf4 Nxf4+ 46. Nxf4 Rxe2 47. Bxe2 Be5 48. Nd3 Bf6 49. f4 Rd8 50. Kg2 Ra8 51. Kf3 Ra3 52. Kf2 Bd4+ 53. Ke1 c5 54. Nc1 Ra1 55. Kd2 Be3+ 56. Kxe3 Rxc1 0-1

[Event "RUS-ch Blitz Men 2018"]
[Site "Sochi"]
[Date "2018.10.07"]
[Round "1"]
[White "Mumdgan, Suren"]
[Black "Rakhmanov, Aleksandr"]
[Result "0-1"]
[WhiteElo "2151"]
[BlackElo "2634"]
[Annotator "TA"]
[PlyCount "108"]
[EventDate "2018.10.07"]
[EventType "swiss"]
[EventCountry "RUS"]
[SourceTitle "playchess.com"]
[Source "ChessBase"]
[SourceQuality "1"]

1. d4 Nf6 2. c4 d6 3. Nc3 e5 4. dxe5 dxe5 5. Qxd8+ Kxd8 6. e4 c6 7. Bg5 Be6 8. f3 Nbd7 9. O-O-O h6 10. Be3 Kc8 11. g3 Bc5 12. Bxc5 Nxc5 13. Bh3 Bxh3 14. Nxh3 a5 15. Nf2 Kc7 16. Nd3 Nfd7 17. Kc2 Ne6 18. Ne2 Rhf8 19. g4 Rh8 20. h4 h5 21. g5 g6 22. f4 exf4 23. Ndxf4 Nxf4 24. Nxf4 Rhe8 25. Rhe1 Ne5 26. b3 a4 27. Nd3 axb3+ 28. axb3 Ra2+ 29. Kc3 Ng4 30. Rf1 Re7 31. Rf3 Rd7 32. Rdf1 Nh2 33. Nc5 Nxf3 34. Nxd7 Kxd7 35. Rxf3 Ke7 36. Rf4 Rh2 37. c5 Rg2 38. Kd4 Rg3 39. b4 Ke6 40. Rf6+ Ke7 41. Rf4 Rb3 42. Kc4 Ra3 43. Kd4 Ra1 44. e5 Rd1+ 45. Kc4 Rd2 46. Re4 Ke6 47. Rf4 Rg2 48. Kd4 Rg4 49. Re4 Kf5 50. Rxg4 hxg4 51. Ke3 Kxe5 52. Ke2 Kf4 53. Kf2 g3+ 54. Kg2 Kg4 0-1

[Event "RUS-ch Blitz Men 2018"]
[Site "Sochi"]
[Date "2018.10.07"]
[Round "1"]
[White "Gimadutdinov, Ilnur"]
[Black "Vastrukhin, Oleg"]
[Result "0-1"]
[WhiteElo "2148"]
[BlackElo "2413"]
[Annotator "TA"]
[PlyCount "76"]
[EventDate "2018.10.07"]
[EventType "swiss"]
[EventCountry "RUS"]
[SourceTitle "playchess.com"]
[Source "ChessBase"]
[SourceQuality "1"]

1. e4 e6 2. d4 d5 3. Nd2 a6 4. Ngf3 Bd7 5. Be2 Bb5 6. O-O Nf6 7. a4 Bxe2 8. Qxe2 Be7 9. Re1 O-O 10. c3 dxe4 11. Nxe4 Nbd7 12. Ng3 c5 13. Be3 Qc7 14. Rad1 Rfd8 15. Bg5 Rac8 16. d5 Nf8 17. dxe6 Nxe6 18. Nf5 Rxd1 19. Rxd1 h6 20. Nxe7+ Qxe7 21. Bh4 Re8 22. Re1 g5 23. Bg3 Qd7 24. Ne5 Qxa4 25. Qf3 Nf4 26. Qxb7 Rxe5 27. Qb8+ Re8 28. Rxe8+ Qxe8 29. Qxe8+ Nxe8 30. f3 c4 31. Kf2 Nd3+ 32. Ke3 Nxb2 33. Kd4 f5 34. Be5 a5 35. h4 a4 36. hxg5 hxg5 37. f4 a3 38. fxg5 a2 0-1

[Event "RUS-ch Blitz Men 2018"]
[Site "Sochi"]
[Date "2018.10.07"]
[Round "1"]
[White "Dolgov, Alexey S"]
[Black "Pridorozhni, Aleksei"]
[Result "0-1"]
[WhiteElo "2118"]
[BlackElo "2574"]
[Annotator "ChessBase"]
[PlyCount "126"]
[EventDate "2018.10.07"]
[EventType "swiss"]
[EventCountry "RUS"]
[SourceTitle "playchess.com"]
[Source "ChessBase"]
[SourceQuality "1"]

1. d4 d6 2. c4 e5 3. d5 Be7 4. Nc3 a5 5. e4 Bg5 6. Nf3 Bxc1 7. Qxc1 Na6 8. h3 Nh6 9. Qd2 O-O 10. Bd3 Nc5 11. Bc2 f5 12. O-O-O a4 13. Qe2 b6 14. Nd2 Kh8 15. f3 f4 16. Ndb1 Ng8 17. Na3 Nf6 18. Kb1 Nh5 19. Qd2 Bd7 20. Ne2 Qe8 21. Nc1 Ng3 22. Rhe1 g5 23. Nd3 Kg7 24. Rc1 h5 25. Nxc5 bxc5 26. Ka1 Qe7 27. Bd3 Rfb8 28. Nb5 Rb7 29. Rc3 g4 30. hxg4 hxg4 31. Ra3 Qh4 32. Rc1 Qh2 33. Qc2 gxf3 34. gxf3 Qxc2 35. Rxc2 Bxb5 36. cxb5 Rba7 37. Rh2 Kg6 38. Kb1 Nh5 39. Kc2 Nf6 40. Bf1 Ra5 41. Kc3 Nd7 42. b3 Nb6 43. b4 cxb4+ 44. Kxb4 Nd7 45. Rc3 a3 46. Bh3 Ra4+ 47. Kb3 Nc5+ 48. Kc2 Rb4 49. Bf5+ Kg5 50. Kc1 Raa4 51. Rcc2 Rc4 52. Rhg2+ Kf6 53. Rg6+ Kf7 54. Rh6 Rxc2+ 55. Kxc2 Rc4+ 56. Kd2 Na4 57. Rh7+ Kg8 58. Re7 Rc5 59. Be6+ Kh8 60. Bd7 Nc3 61. Re8+ Kg7 62. Ra8 Kf6 63. Rxa3 Nb1+ 0-1

[Event "RUS-ch Blitz Men 2018"]
[Site "Sochi"]
[Date "2018.10.07"]
[Round "1"]
[White "Daurbekov, Murad"]
[Black "Dzhumagaliev, Yan"]
[Result "0-1"]
[WhiteElo "2063"]
[BlackElo "2410"]
[Annotator "TA"]
[PlyCount "54"]
[EventDate "2018.10.07"]
[EventType "swiss"]
[EventCountry "RUS"]
[SourceTitle "playchess.com"]
[Source "ChessBase"]
[SourceQuality "1"]

1. Nf3 c5 2. c4 Nc6 3. Nc3 Nf6 4. g3 g6 5. Bg2 Bg7 6. O-O O-O 7. d4 d6 8. d5 Na5 9. Nd2 a6 10. Qc2 Rb8 11. b3 b5 12. Bb2 bxc4 13. bxc4 Nd7 14. Rab1 Ne5 15. Nd1 Bg4 16. Re1 Qd7 17. f4 Nexc4 18. Nxc4 Nxc4 19. Qxc4 Rb4 20. Qc2 Rfb8 21. Nc3 Bd4+ 22. e3 Bf5 23. Qd2 Bxb1 24. Rxb1 Bf6 25. Qc2 Qb7 26. Be4 Rxb2 27. Rxb2 Qxb2 0-1

[Event "RUS-ch Blitz Men 2018"]
[Site "Sochi"]
[Date "2018.10.07"]
[Round "1"]
[White "Esipenko, Aleksandr"]
[Black "Gordievsky, Dmitry"]
[Result "1/2-1/2"]
[WhiteElo "2026"]
[BlackElo "2615"]
[Annotator "TA"]
[PlyCount "46"]
[EventDate "2018.10.07"]
[EventType "swiss"]
[EventCountry "RUS"]
[SourceTitle "playchess.com"]
[Source "ChessBase"]
[SourceQuality "1"]

1. e4 c5 2. Nf3 g6 3. d4 cxd4 4. Nxd4 Nc6 5. Be3 Bg7 6. c4 Nf6 7. Nc3 d6 8. f3 O-O 9. Be2 Bd7 10. O-O Nxd4 11. Bxd4 Bc6 12. Qd2 a5 13. Rab1 Nd7 14. Be3 Nc5 15. b3 e6 16. a3 Be5 17. b4 axb4 18. axb4 Qh4 19. g3 Bxg3 20. hxg3 Qxg3+ 21. Kh1 Qh3+ 22. Kg1 Qg3+ 23. Kh1 Qh3+ 1/2-1/2

[Event "RUS-ch Blitz Men 2018"]
[Site "Sochi"]
[Date "2018.10.07"]
[Round "1"]
[White "Girshgorn, Leonid"]
[Black "Artemiev, Vladislav"]
[Result "0-1"]
[WhiteElo "1925"]
[BlackElo "2706"]
[Annotator "TA"]
[PlyCount "40"]
[EventDate "2018.10.07"]
[EventType "swiss"]
[EventCountry "RUS"]
[SourceTitle "playchess.com"]
[Source "ChessBase"]
[SourceQuality "1"]

1. d4 Nf6 2. Nf3 g6 3. g3 Bg7 4. Bg2 d5 5. O-O O-O 6. c4 Nc6 7. Nc3 dxc4 8. e4 Bg4 9. Be3 Nd7 10. h3 Bxf3 11. Bxf3 e5 12. dxe5 Ndxe5 13. Qe2 Nd4 14. Bxd4 Qxd4 15. Bg2 Qd3 16. Rad1 Qxe2 17. Nxe2 Rfd8 18. Rxd8+ Rxd8 19. Rc1 Rd2 20. Nf4 Rxb2 0-1

[Event "RUS-ch Blitz Men 2018"]
[Site "Sochi"]
[Date "2018.10.07"]
[Round "2"]
[White "Artemiev, Vladislav"]
[Black "Girshgorn, Leonid"]
[Result "1-0"]
[WhiteElo "2706"]
[BlackElo "1925"]
[Annotator "TA"]
[PlyCount "93"]
[EventDate "2018.10.07"]
[EventType "swiss"]
[EventCountry "RUS"]
[SourceTitle "playchess.com"]
[Source "ChessBase"]
[SourceQuality "1"]

1. e4 c6 2. Nf3 d5 3. Nc3 dxe4 4. Nxe4 Nf6 5. Qe2 Nxe4 6. Qxe4 Nd7 7. Bc4 Nf6 8. Ne5 e6 9. Qe2 Be7 10. O-O O-O 11. Rd1 Qc7 12. d4 b5 13. Bb3 Bb7 14. a4 a6 15. Bg5 c5 16. axb5 axb5 17. Rxa8 Rxa8 18. dxc5 Bxc5 19. Bxf6 gxf6 20. Nd7 Kh8 21. Nxf6 Qf4 22. Nh5 Qe4 23. Qxe4 Bxe4 24. Ng3 Bc6 25. Kf1 Kg7 26. Nh5+ Kf8 27. Nf4 Ke7 28. f3 Bd6 29. Nd3 Bxh2 30. Kf2 Bc7 31. Rh1 Bb6+ 32. Ke2 Rg8 33. Kf1 Rg7 34. Rh5 f6 35. Nf4 Bd7 36. c3 Bc7 37. Nd3 Bd6 38. Bc2 e5 39. Nf2 Bc6 40. Be4 Bxe4 41. Nxe4 Bc7 42. g4 Bb6 43. Ke2 Bc7 44. Kd3 Ke6 45. Rh6 Bd8 46. Kc2 Rf7 47. Ng5+ 1-0

[Event "RUS-ch Blitz Men 2018"]
[Site "Sochi"]
[Date "2018.10.07"]
[Round "2"]
[White "Tomashevsky, Evgeny"]
[Black "Remizov, Yaroslav"]
[Result "1-0"]
[WhiteElo "2705"]
[BlackElo "2315"]
[Annotator "TA"]
[PlyCount "62"]
[EventDate "2018.10.07"]
[EventType "swiss"]
[EventCountry "RUS"]
[SourceTitle "playchess.com"]
[Source "ChessBase"]
[SourceQuality "1"]

1. e4 c5 2. Nf3 Nc6 3. Bb5 e6 4. Bxc6 bxc6 5. b3 Ne7 6. Bb2 Ng6 7. O-O d5 8. d3 f6 9. e5 f5 10. c4 Be7 11. Nc3 O-O 12. Na4 Qc7 13. Re1 Rd8 14. Qc1 h6 15. Ba3 Qa5 16. Qe3 f4 17. Qc1 Ba6 18. Qc3 Qxc3 19. Nxc3 dxc4 20. dxc4 Rd3 21. Rac1 Rad8 22. Na4 R8d7 23. Bxc5 Kf7 24. Bxe7 Rxe7 25. Nc5 Rxf3 26. gxf3 Bc8 27. Re4 Ke8 28. Rd1 Rf7 29. Kf1 Nh4 30. Ke2 g5 31. Red4 Kf8 1-0

[Event "RUS-ch Blitz Men 2018"]
[Site "Sochi"]
[Date "2018.10.07"]
[Round "2"]
[White "Dubov, Daniil"]
[Black "Chizhikov, Vladislav"]
[Result "1-0"]
[WhiteElo "2703"]
[BlackElo "2304"]
[Annotator "TA"]
[PlyCount "99"]
[EventDate "2018.10.07"]
[EventType "swiss"]
[EventCountry "RUS"]
[SourceTitle "playchess.com"]
[Source "ChessBase"]
[SourceQuality "1"]

1. Nf3 c5 2. b3 Nf6 3. Bb2 e6 4. e3 Nc6 5. c4 d5 6. cxd5 exd5 7. Be2 Be7 8. O-O O-O 9. d4 cxd4 10. Nxd4 Re8 11. Nd2 Bf8 12. Rc1 Bd7 13. N2f3 Ne4 14. Nxc6 bxc6 15. Ne5 Qc8 16. Qc2 c5 17. Nxd7 Qxd7 18. Rfd1 Qe6 19. Bf3 f5 20. g3 Rad8 21. Bg2 Rd7 22. Qe2 Red8 23. Rd3 g6 24. Rcd1 Be7 25. Qc2 Bf8 26. Ba1 a5 27. Bc3 a4 28. Bb2 axb3 29. axb3 Ra8 30. h4 Ra2 31. Qb1 Raa7 32. Bf1 Rab7 33. Qc2 Bg7 34. Ba3 Kh8 35. Bxc5 Rbc7 36. b4 Be5 37. Bg2 Kg7 38. Bxe4 fxe4 39. R3d2 h5 40. Qb3 Qg4 41. Bd4 Bxd4 42. Rxd4 Rf7 43. Qxd5 Rc2 44. Qe5+ Kh7 45. Rd8 Rg7 46. Qe8 g5 47. Qh8+ Kg6 48. R8d6+ Kf7 49. Rd7+ Ke6 50. Qxg7 1-0

[Event "RUS-ch Blitz Men 2018"]
[Site "Sochi"]
[Date "2018.10.07"]
[Round "2"]
[White "Riazantsev, Alexander"]
[Black "Jakovenko, Igor"]
[Result "1-0"]
[WhiteElo "2649"]
[BlackElo "2170"]
[Annotator "TA"]
[PlyCount "113"]
[EventDate "2018.10.07"]
[EventType "swiss"]
[EventCountry "RUS"]
[SourceTitle "playchess.com"]
[Source "ChessBase"]
[SourceQuality "1"]

1. d4 d5 2. c4 c6 3. Nc3 Nf6 4. e3 g6 5. Nf3 Bg7 6. h3 O-O 7. Bd3 a6 8. O-O Nbd7 9. cxd5 Nxd5 10. Bd2 N7b6 11. Ne4 a5 12. a3 Bf5 13. Qc2 Qc8 14. Rfd1 Re8 15. Rac1 h5 16. Be1 Qc7 17. Nh4 Bd7 18. Nc5 Bc8 19. Nf3 Nd7 20. e4 Nf4 21. Bf1 Nxc5 22. Qxc5 Ne6 23. Qc2 Nf4 24. Bc3 a4 25. Bc4 Be6 26. Bxe6 Nxe6 27. Qd2 Qf4 28. Qe2 Red8 29. Rc2 Ng5 30. Nxg5 Qxg5 31. Rcd2 Qf4 32. Rd3 e6 33. Rf3 Qg5 34. Qc4 Rd7 35. Rfd3 Qf4 36. Re3 Qh4 37. Re2 Qf4 38. g3 Qg5 39. Kg2 h4 40. g4 Qe7 41. f4 Ra6 42. Rf1 b5 43. Qd3 Rb6 44. Qe3 Qd8 45. Rd2 Rbb7 46. f5 exf5 47. gxf5 c5 48. d5 Bxc3 49. bxc3 Re7 50. fxg6 fxg6 51. e5 Rbd7 52. Qg5 Qe8 53. Rf6 Rg7 54. e6 Rd6 55. Rdf2 Qe7 56. Qe5 Kh7 57. Rf7 1-0

[Event "RUS-ch Blitz Men 2018"]
[Site "Sochi"]
[Date "2018.10.07"]
[Round "2"]
[White "Rakhmanov, Aleksandr"]
[Black "Mumdgan, Suren"]
[Result "1-0"]
[WhiteElo "2634"]
[BlackElo "2151"]
[Annotator "TA"]
[PlyCount "47"]
[EventDate "2018.10.07"]
[EventType "swiss"]
[EventCountry "RUS"]
[SourceTitle "playchess.com"]
[Source "ChessBase"]
[SourceQuality "1"]

1. c4 c6 2. d4 d5 3. cxd5 cxd5 4. Bf4 Nf6 5. e3 Bf5 6. Nc3 Nc6 7. Qb3 Qb6 8. Bb5 e6 9. Nf3 Be7 10. Ne5 Rc8 11. O-O O-O 12. Na4 Qa5 13. Bxc6 bxc6 14. Rfc1 c5 15. Nxc5 Bxc5 16. dxc5 Rxc5 17. Nc6 Rxc1+ 18. Rxc1 Qd2 19. Qc3 Qxc3 20. Rxc3 Bb1 21. a4 Ne4 22. Rc1 Ba2 23. Nxa7 Rb8 24. Bxb8 1-0

[Event "RUS-ch Blitz Men 2018"]
[Site "Sochi"]
[Date "2018.10.07"]
[Round "2"]
[White "Grachev, Boris"]
[Black "Smelov, Aleksey"]
[Result "1-0"]
[WhiteElo "2626"]
[BlackElo "2184"]
[Annotator "TA"]
[PlyCount "139"]
[EventDate "2018.10.07"]
[EventType "swiss"]
[EventCountry "RUS"]
[SourceTitle "playchess.com"]
[Source "ChessBase"]
[SourceQuality "1"]

1. d4 d5 2. Bf4 Bf5 3. e3 Nd7 4. c4 c6 5. Nc3 e6 6. Qb3 Qb6 7. c5 Qxb3 8. axb3 a6 9. b4 Rc8 10. Nf3 h6 11. h3 Ngf6 12. Nd2 Be7 13. Nb3 Bd8 14. Be2 O-O 15. Bd6 Re8 16. Na5 Bxa5 17. bxa5 e5 18. Kd2 Re6 19. Ra4 Ne8 20. Bxe5 Nxe5 21. dxe5 Rxe5 22. Rb4 Rc7 23. Ra1 Nf6 24. Ra3 Ne4+ 25. Nxe4 Bxe4 26. f3 Bf5 27. Rab3 Bc8 28. Bd3 g6 29. Rd4 Kg7 30. Bc2 f5 31. Ke2 Rce7 32. Kf2 Kf6 33. Rc3 Kg7 34. Rd1 Kf6 35. h4 Kg7 36. Rd4 Kf6 37. Bd1 Kg7 38. Bc2 Kf6 39. g3 Kg7 40. f4 R5e6 41. h5 Kf7 42. g4 Rf6 43. hxg6+ Kxg6 44. Rd1 h5 45. gxh5+ Kxh5 46. Rg1 Kh6 47. Rg8 Be6 48. Rg3 Rg6 49. Bd1 Kg7 50. Bf3 Kf6 51. Rc1 Reg7 52. Rxg6+ Rxg6 53. Rh1 Kg7 54. Rh2 Rh6 55. Rg2+ Rg6 56. Rh2 Rh6 57. Rxh6 Kxh6 58. Kg3 Kg6 59. Kh4 Kf6 60. Kh5 Bc8 61. Kh6 Be6 62. Bh5 Bc8 63. Kh7 Ke6 64. Bf3 Kf6 65. Kh6 Kf7 66. Kg5 Ke6 67. Bg2 Bd7 68. Bh3 Ke7 69. Bxf5 Be8 70. Bc8 1-0

[Event "RUS-ch Blitz Men 2018"]
[Site "Sochi"]
[Date "2018.10.07"]
[Round "2"]
[White "Gordievsky, Dmitry"]
[Black "Esipenko, Aleksandr"]
[Result "1-0"]
[WhiteElo "2615"]
[BlackElo "2026"]
[Annotator "TA"]
[PlyCount "81"]
[EventDate "2018.10.07"]
[EventType "swiss"]
[EventCountry "RUS"]
[SourceTitle "playchess.com"]
[Source "ChessBase"]
[SourceQuality "1"]

1. Nf3 d5 2. e3 Nf6 3. c4 e6 4. b3 Be7 5. Bb2 O-O 6. Nc3 b6 7. cxd5 exd5 8. d4 Bb7 9. g3 Ne4 10. Bg2 Nd7 11. O-O c6 12. Qc2 f5 13. Ne2 Bd6 14. Ne5 Nxe5 15. dxe5 Bc7 16. b4 Qe7 17. f3 Ng5 18. Qc3 Ne6 19. f4 Rac8 20. Rfd1 Rfd8 21. Rac1 Ba6 22. Bf3 Bb7 23. a3 c5 24. bxc5 bxc5 25. Qb3 Bb6 26. Bxd5 Bxd5 27. Rxd5 c4 28. Rxc4 Bxe3+ 29. Kg2 Rxc4 30. Rxd8+ Qxd8 31. Qxc4 Kf7 32. Qc6 Qb8 33. Bc3 Qd8 34. Qd6 Qc8 35. Bb4 Qb7+ 36. Kh3 Bb6 37. Qd3 g6 38. Nc3 a5 39. Nb5 Kg7 40. Nd6 Qf7 41. Nxf7 1-0

[Event "RUS-ch Blitz Men 2018"]
[Site "Sochi"]
[Date "2018.10.07"]
[Round "2"]
[White "Romanov, Evgeny"]
[Black "Uzhva, Andrey"]
[Result "1-0"]
[WhiteElo "2614"]
[BlackElo "2270"]
[Annotator "TA"]
[PlyCount "71"]
[EventDate "2018.10.07"]
[EventType "swiss"]
[EventCountry "RUS"]
[SourceTitle "playchess.com"]
[Source "ChessBase"]
[SourceQuality "1"]

1. d4 Nf6 2. Bg5 d5 3. e3 Bf5 4. c4 e6 5. Nc3 c6 6. Qb3 Qb6 7. c5 Qc7 8. Nf3 Nbd7 9. Bf4 Qc8 10. Nh4 Bg6 11. Nxg6 hxg6 12. Qa4 Be7 13. h3 O-O 14. b4 a5 15. b5 e5 16. Bg3 exd4 17. exd4 Ne4 18. Nxe4 dxe4 19. bxc6 bxc6 20. Bc4 Bf6 21. Rd1 Re8 22. O-O Nf8 23. d5 cxd5 24. Bxd5 Qxc5 25. Bxa8 Rxa8 26. Qxe4 Qa7 27. Rc1 Ne6 28. Rc6 Re8 29. Rfc1 Qb7 30. Qa4 Qa8 31. Kh2 Nd4 32. Rxf6 gxf6 33. Qxd4 Qa6 34. Rc7 Kg7 35. Qd5 Re6 36. Qd7 1-0

[Event "RUS-ch Blitz Men 2018"]
[Site "Sochi"]
[Date "2018.10.07"]
[Round "2"]
[White "Esipenko, Andrey"]
[Black "Temirkanov, David"]
[Result "1-0"]
[WhiteElo "2609"]
[BlackElo "2262"]
[Annotator "TA"]
[PlyCount "63"]
[EventDate "2018.10.07"]
[EventType "swiss"]
[EventCountry "RUS"]
[SourceTitle "playchess.com"]
[Source "ChessBase"]
[SourceQuality "1"]

1. d4 d5 2. Nf3 Nc6 3. Bf4 Bg4 4. e3 e6 5. c4 Bd6 6. Bg3 Nf6 7. Nc3 Bxg3 8. hxg3 O-O 9. cxd5 exd5 10. Bd3 h6 11. a3 Re8 12. O-O Ne7 13. Qc2 c6 14. Ne5 Qc8 15. f3 Bf5 16. e4 Be6 17. Rae1 Qd8 18. Qf2 a5 19. Na4 Nd7 20. Nxd7 Bxd7 21. e5 Bf5 22. Bxf5 Nxf5 23. g4 Ne7 24. f4 Nc8 25. f5 Qg5 26. Qf3 b5 27. Nc5 a4 28. f6 g6 29. e6 Ra7 30. exf7+ Kxf7 31. Rxe8 Kxe8 32. f7+ 1-0

[Event "RUS-ch Blitz Men 2018"]
[Site "Sochi"]
[Date "2018.10.07"]
[Round "2"]
[White "Timofeev, Artyom"]
[Black "Didenko, Igor"]
[Result "1-0"]
[WhiteElo "2580"]
[BlackElo "2105"]
[Annotator "ChessBase"]
[PlyCount "49"]
[EventDate "2018.10.07"]
[EventType "swiss"]
[EventCountry "RUS"]
[SourceTitle "playchess.com"]
[Source "ChessBase"]
[SourceQuality "1"]

1. c4 Nf6 2. Nc3 e5 3. Nf3 Nc6 4. d3 g6 5. g3 Bg7 6. Bg2 O-O 7. O-O d5 8. cxd5 Nxd5 9. Bg5 Nde7 10. Rc1 h6 11. Bd2 Be6 12. a3 a6 13. Ne4 Bd5 14. Be3 Bxe4 15. dxe4 Qc8 16. Qb3 b5 17. Rfd1 Rd8 18. h4 Na5 19. Qc2 Nc4 20. Bc5 Qe6 21. b3 Nd6 22. Kh2 Kh7 23. Bh3 Qf6 24. Be3 Rac8 25. Bg5 1-0

[Event "RUS-ch Blitz Men 2018"]
[Site "Sochi"]
[Date "2018.10.07"]
[Round "2"]
[White "Pridorozhni, Aleksei"]
[Black "Dolgov, Alexey S"]
[Result "1-0"]
[WhiteElo "2574"]
[BlackElo "2118"]
[Annotator "TA"]
[PlyCount "57"]
[EventDate "2018.10.07"]
[EventType "swiss"]
[EventCountry "RUS"]
[SourceTitle "playchess.com"]
[Source "ChessBase"]
[SourceQuality "1"]

1. e4 e6 2. d4 d5 3. Nd2 c5 4. Ngf3 cxd4 5. exd5 Qxd5 6. Bc4 Qd6 7. Qe2 Nf6 8. Nb3 Nc6 9. Bg5 Be7 10. O-O-O O-O 11. Nbxd4 Nxd4 12. Rxd4 Qc7 13. Rhd1 a6 14. Ne5 b5 15. Bb3 a5 16. a4 bxa4 17. Bxa4 Rb8 18. Nc6 Rb6 19. Bf4 Qb7 20. Nxe7+ Qxe7 21. Bd6 Rxd6 22. Rxd6 Qc7 23. g3 Bb7 24. Qe5 Qc4 25. R6d4 Qc8 26. f4 Nd5 27. f5 Nb4 28. fxe6 fxe6 29. Rd7 1-0